Técnica de tiro con escopeta / (Record no. 148196)

MARC details
000 -LEADER
campo de control de longitud fija 00783nam a2200229 4500
001 - NÚMERO DE CONTROL
campo de control 148196
003 - IDENTIFICADOR DE NÚMERO DE CONTROL
campo de control ES-MaACL
005 - FECHA Y HORA DE LA ÚLTIMA TRANSACCIÓN
campo de control 20230906202504.0
007 - CAMPO FIJO DE DESCRIPCIÓN FÍSICA--INFORMACIÓN GENERAL
campo de control de longitud fija t|
008 - DATOS DE LONGITUD FIJA--INFORMACIÓN GENERAL
campo de control de longitud fija 070214s1965 sp r ||||1| spa d
100 1# - ENTRADA PRINCIPAL--NOMBRE DE PERSONA
Nombre de persona Stanbury, Percy.
9 (RLIN) 107888
245 10 - MENCIÓN DEL TÍTULO
Título Técnica de tiro con escopeta /
Mención de responsabilidad, etc. Percy Stanbury, G. L. Carlisle ; prefacio y supervisión de Jorge de Palleja ; traducción de Conrado Niell Sureda.
260 ## - PUBLICACIÓN, DISTRIBUCIÓN, ETC.
Lugar de publicación, distribución, etc. Barcelona :
Nombre del editor, distribuidor, etc. Ed. Hispano Europea,
Fecha de publicación, distribución, etc. 1965.
300 ## - DESCRIPCIÓN FÍSICA
Extensión 206 p., 19 lám. :
Otras características físicas il. ;
Dimensiones 21 cm.
490 1# - MENCIÓN DE SERIE
Mención de serie Col. herakles
700 1# - ENTRADA AGREGADA--NOMBRE PERSONAL
Nombre de persona Carlisle, G. L.
9 (RLIN) 35285
700 1# - ENTRADA AGREGADA--NOMBRE PERSONAL
Nombre de persona Niell Sureda, Conrado.
9 (RLIN) 85634
700 0# - ENTRADA AGREGADA--NOMBRE PERSONAL
Nombre de persona Pallejá, Jorge de.
9 (RLIN) 88593
830 0# - PUNTO DE ACCESO ADICIONAL DE SERIE-TÍTULO UNIFORME
Título uniforme Col. herakles
9 (RLIN) 187500
852 ## - LOCALIZACIÓN
Ubicación ES-MaACL
Número de control de estantería C-27835
Sublocalización o colección R.57126
Holdings
Estatus retirado Estado de pérdida Estado de daño No para préstamo Biblioteca de origen Biblioteca actual Ubicación en estantería Fecha de adquisición Fuente de adquisición Total de préstamos Signatura topográfica completa Código de barras Visto por última vez Precio de reemplazo Tipo de ítem Koha
        Biblioteca del Ateneo de Madrid Biblioteca del Ateneo de Madrid Depósito 2 17/01/2008     C-27835 1154658 23/02/2023 23/02/2023 Libro impreso